000 00722nam a2200181 a 4500
008 081128s1999 ||||||||||||||||| || u
020 _a1853394742
050 _aHV 4157.A5 Urb
100 _aNelson, Nici
245 1 0 _aUrban poverty in Africa: from understanding to alleviation
_cedited by Sue Jones and Nici Nelson
260 _aLondon
_bIntermediate Technology Publications
_c1999
300 _axiv, 193p.: ill.
350 _a0.00
650 _aURBAN POOR--AFRICA
650 _aPOOR--RESEARCH--DEVELOPING COUNTRIES
700 _aJones, Sue
995 _D0.00
_FCBU-MAIN LIBRARY (Kitwe)
_H1
_I0.00
_M1
_UAVAILABLE
_WJan 30, 2009
_ZMain Library Open Access Collection
999 _c61061
_d61061